01166nam a22003134a 4500001001200000003000800012006001900020007001500039008004100054010001700095020002500112020002200137040002100159035002100180050002800201082001700229100002000246245008300266260004900349300003000398500002000428533015200448630003900600650002400639655002900663710001700692856012600709999001700835ebr10255072CaPaEBRm u cr cn|||||||||080227s2008 maua s 001 0 eng  z 2007903970 z9781598634327 (pbk.) z1598634321 (pbk.) aCaPaEBRcCaPaEBR a(OCoLC)56063376914aTR897.7b.M87248 2008eb04a006.6/962221 aMurdock, Kelly.10aAnime studioh[electronic resource] :bthe official guide /cKelly L. Murdock. aBoston, MA :bCourse Technology PTR,cc2008. axxiv, 487 p. :bcol. ill. aIncludes index. aElectronic reproduction.bPalo Alto, Calif. :cebrary,d2013.nAvailable via World Wide Web.nAccess may be limited to ebrary affiliated libraries.00aAnime studio (Electronic resource) 0aComputer animation. 7aElectronic books.2local2 aebrary, Inc.40uhttp://site.ebrary.com/lib/rucke/Doc?id=10255072zAn electronic book accessible through the World Wide Web; click to view c14778d14778